000 01101cam a2200253 4500
008 021015n2002 000 0 eng u
020 _a1854108751
035 _a(Sirsi) u120109
041 _aeng.
050 _a690.241
100 _aWedd, K.
245 4 _aThe Victorian Society book of the Victorian house
260 _aLondon
_bAurum
_c2002
300 _a272p.
_c30cm.
350 _a30
520 _aContains information about Victorian architectural ideas, building methods and materials, as well as practical advice on the maintenance and conservation of Victorian houses. Part 1 provides an overview of the development of the Victorian house. Part II discusses structures and materials, while part III covers services, including fireplaces and chimneys, lighting, kitchens and bathrooms. Finally part IV looks at all aspects of interior decoration.
650 _aVICTORIAN HOUSES
650 _aVICTORIAN ARCHITECTURE
650 _aSTRUCTURES
650 _aBUILT ENVIRONMENT-BUILDING MATERIALS
650 _aINTERIOR DECORATION
690 _aBUILDING CONSERVATION
942 _n0
999 _c102475
_d102475